Statistics for The Simpsons Fictitious Geographic Locations

Click here to take the quiz!

General Stats

  • This quiz has been taken 12 times
  • The average score is 4 of 41

Answer Stats

First AppearanceLocation% Correct
Oh Brother, Where Art Thou?Shelbyville
67%
Good Night (Tracey Ullman Show)Springfield
50%
Marge vs. the MonorailNorth Haverbrook
42%
Marge vs. the MonorailOgdenville
42%
Dancin' HomerCapital City
33%
Cape FeareTerror Lake
25%
Grampa vs. Sexual InadequacyLake Flaccid
17%
A Tale of Two SpringfieldsNew Springfield
17%
A Tale of Two SpringfieldsOlde Springfield
17%
Cape FeareScreamville
17%
Waverly Hills, 9-0-2-1-D'ohWaverly Hills
17%
The Wife AquaticBarnacle Bay
8%
Marge vs. the MonorailBrockway
8%
You Only Move TwiceCypress Creek
8%
Summer of 4 Ft. 2Little Pwagmattasquarmsettport
8%
The Gnarly Adventures Of BusmanNowheresville
8%
Like Father, Like ClownShelbyville Heights
8%
Kill the Alligator and RunSix Toe County
8%
Colonel HomerSpittle County
8%
Bart After DarkBaby Seal Beach
0%
The Italian BobBartovia
0%
Homer Simpson in: "Kidney Trouble"Bloodbath Gulch
0%
The War of the SimpsonsCatfish Lake
0%
In the Name of the GrandfatherDunkilderry
0%
Grampa vs. Sexual InadequacyFrigid Falls
0%
Homer the HereticGarbage Island
0%
The Gnarly Adventures Of BusmanGarlicville
0%
Midnight TowboyGuidopolis
0%
Home Away from HomerHumbleton
0%
Selma's ChoiceLittleneck Falls
0%
Mount SeldomMount Seldom
0%
Cape FeareNew Horrorfield
0%
Kill the Alligator and RunPalm Corners
0%
Separate VocationsProctorville
0%
Sideshow Bob RobertsRiverdale
0%
The Italian BobSalsiccia
0%
Lisa the IconoclastStenchburg
0%
Dog of DeathSwartzwelder County
0%
At Long Last LeaveThe Outlands
0%
Bart StarWaynesport
0%
Colonel HomerWeevilville
0%

Score Distribution

Percentile by Number Answered

Percent of People with Each Score

Your Score History

You have not taken this quiz